Από τον 20ό στον 21ο αιώνα : τομές στην πλανητική πολιτική περί το 2000

Αποθηκεύτηκε σε:
Λεπτομέρειες βιβλιογραφικής εγγραφής
Κύριος συγγραφέας: Κονδύλης, Παναγιώτης, 1943-1998
Μορφή: Βιβλίο
Γλώσσα:Greek
Δημοσίευση: Αθήνα : Θεμέλιο, 1998
Θέματα:
Ετικέτες: Προσθήκη ετικέτας
Δεν υπάρχουν, Καταχωρήστε ετικέτα πρώτοι!

MARC

LEADER 00000cam a2200000 i 4500
001 1/58457
008 020215s1998 gr | ||| |||| ||gre||
020 |a 9603102385 
035 |l 10000335 
040 |a GR-MY-UA  |b gre  |e aacr 
041 0 |a gre 
082 0 |a 320 
100 1 |a Κονδύλης, Παναγιώτης,   |d 1943-1998. 
245 1 0 |a Από τον 20ό στον 21ο αιώνα :  |b τομές στην πλανητική πολιτική περί το 2000 /  |c Παναγιώτης Κανδύλης 
260 |a Αθήνα :   |b Θεμέλιο,   |c 1998 
300 |a 190 σ. 
650 0 0 |a Political science. 
650 0 0 |a World politics  |y 20th century. 
650 0 0 |a Globalization. 
852 |a INST  |b RHODES  |e 20020215  |h 320 ΚΟΝ  |p 005400016686  |q 005400016686  |t BK  |y 0 
901 |a BIBL4-2002-1 
909 |a Ρ  |b 085225 
970 |a ΚΟΥΛΑΚΙΟΤΗ  |b ΛΙΤΣΑ  |z 2002/02/15